Normal view
MARC view
- Farhana Rahat.
Entry Personal Name
001 - CONTROL NUMBER
- control field: 28382
003 - CONTROL NUMBER IDENTIFIER
- control field: NUST
005 - DATE AND TIME OF LATEST TRANSACTION
- control field: 20200209172838.0
008 - FIXED-LENGTH DATA ELEMENTS
- fixed length control field: 200209|| aca||aabn | a|a d
040 ## - CATALOGING SOURCE
- Original cataloging agency: NUST
- Transcribing agency: NUST
100 ## - HEADING--PERSONAL NAME
- Personal name: Farhana Rahat.
670 ## - SOURCE DATA FOUND
- Source citation: Work cat.: (NUST): Rahat, Farhana 28381, Development of Polymer/nano Hydroxyapatite Composite Membranes /, 2016.
